000 00978nas a2200325 4500
001 BR2015004436
003 BR-BrBNA
005 20231205125607.0
007 ta
008 230509b bl.|||p| |||| 00| 00por d
040 _aBR-BrBNA
_bpor
_cBiblioteca Nacional de Agricultura
041 _a(En)
072 _aL70
100 1 _aDias, F.G.G.
100 1 _aCasemiro, L.A.
100 1 _aMartins, C.H.G.
100 1 _aDias, L.G.G.G.
100 1 _aPereira, L. de F.
100 1 _aNishimura, L.T.
100 1 _aSouza, F.F. de
100 1 _aHonsho, C. dos S.
245 1 _aEndodontics pastes formulate with copaiba oil: action on oral microbiota and dentin bridge formation in dogs
650 _aCÃO
650 _aPLANTA MEDICINAL
650 _aMICROBIOLOGIA
650 _aVETERINÁRIA
773 0 _tCiência Rural (Brazil)
_xISSN 0103-8478
_g(Jun 2015), v. 45(6) p. 1073-1078
_wBR2015004436
909 _a202311
_bLúcia
_c55
_dLúcia Elande
942 _2AGRIS
_n0
_cANA
999 _c245085
_d245085